| 000 | 00536 a2200181 4500 | ||
|---|---|---|---|
| 999 |
_c7465 _d7465 |
||
| 010 | _aENG-87932 | ||
| 020 |
_a8178801949 _c400.00 |
||
| 035 | _aEN-71465 | ||
| 037 | _bDBAD / PUB | ||
| 082 | 1 | 4 | _a571.4 |
| 100 | _aSarn, K. | ||
| 245 | 1 |
_aBiophysics / _cby K.Sarn |
|
| 260 |
_aNew Delhi _bRajat Publications _c2005 |
||
| 270 |
_a4675/21, Ansari Road, Darya Ganj, _bNew Delhi _e110 002 |
||
| 300 |
_av, 182p. _c22cm (Hb) |
||
| 500 | _aIncludes bibliographical references and index | ||
| 942 |
_adpl _cEN _2ddc _h571.4 _mSAR |
||